Ground-water resources of the Fairbanks area, Alaska. (Record no. 29710)
[ view plain ]
| 000 -LEADER | |
|---|---|
| fixed length control field | 01214cam a22003011 4500 |
| 001 - CONTROL NUMBER | |
| control field | gs 63000207 |
| 003 - CONTROL NUMBER IDENTIFIER | |
| control field | DLC |
| 005 - DATE AND TIME OF LATEST TRANSACTION | |
| control field | 20260227111412.0 |
| 008 - FIXED-LENGTH DATA ELEMENTS--GENERAL INFORMATION | |
| fixed length control field | 770317s1963 dcuab b f000 0 eng c |
| 010 ## - LIBRARY OF CONGRESS CONTROL NUMBER | |
| LC control number | gs 63000207 |
| 040 ## - CATALOGING SOURCE | |
| Original cataloging agency | U.S. Geol. Survey. Libr. |
| Transcribing agency | ak |
| Modifying agency | DLC |
| 043 ## - GEOGRAPHIC AREA CODE | |
| Geographic area code | n-us-ak |
| 050 00 - LIBRARY OF CONGRESS CALL NUMBER | |
| Classification number | TC801 |
| Item number | .U2 no. 1590 |
| 051 ## - LIBRARY OF CONGRESS COPY, ISSUE, OFFPRINT STATEMENT | |
| Classification number | GB1025.A3 |
| Item number | C4 |
| Copy information | Copy 2. |
| 100 1# - MAIN ENTRY--PERSONAL NAME | |
| Personal name | Cederstrom, D. J. |
| Fuller form of name | (Dagfin John), |
| Dates associated with a name | 1908-1997. |
| 245 10 - TITLE STATEMENT | |
| Title | Ground-water resources of the Fairbanks area, Alaska. |
| 260 ## - PUBLICATION, DISTRIBUTION, ETC. | |
| Place of publication, distribution, etc. | Washington : |
| Name of publisher, distributor, etc. | U.S. Govt. Print. Off., |
| Date of publication, distribution, etc. | 1963. |
| 300 ## - PHYSICAL DESCRIPTION | |
| Extent | iv, 84 p. : |
| Other physical details | illus., maps (part fold. in pocket), diagrs., tables ; |
| Dimensions | 24 cm. |
| 490 1# - SERIES STATEMENT | |
| Series statement | United States. Geological Survey. Water-supply paper |
| Volume/sequential designation | 1590 |
| 501 ## - WITH NOTE | |
| With note | TC801.U2 no. 1590 with : Ground-water geology of Bexar County, Texas. Washington : U. S. Govt. Print. Off., 1963. Bound together subsequent to publication. |
| Institution to which field applies | DLC |
| 504 ## - BIBLIOGRAPHY, ETC. NOTE | |
| Bibliography, etc. note | Bibliography: p. 54-55. |
| 650 #0 - SUBJECT ADDED ENTRY--TOPICAL TERM | |
| Topical term or geographic name entry element | Groundwater |
| Geographic subdivision | Alaska |
| -- | Fairbanks Region. |
| 650 #0 - SUBJECT ADDED ENTRY--TOPICAL TERM | |
| Topical term or geographic name entry element | Water-supply |
| Geographic subdivision | Alaska |
| -- | Fairbanks Region. |
| 650 #0 - SUBJECT ADDED ENTRY--TOPICAL TERM | |
| Topical term or geographic name entry element | Water |
| General subdivision | Composition. |
| 650 #0 - SUBJECT ADDED ENTRY--TOPICAL TERM | |
| Topical term or geographic name entry element | Borings |
| Geographic subdivision | Alaska |
| -- | Fairbanks Region. |
| 830 #0 - SERIES ADDED ENTRY--UNIFORM TITLE | |
| Uniform title | Geological Survey water-supply paper ; |
| Volume/sequential designation | 1590. |
No items available.